| 000 | 00584cam a22001814a 4500 | ||
|---|---|---|---|
| 020 | _a0887252664 | ||
| 040 | _cDLC | ||
| 082 | 0 | 4 | _a574 HUN 2002 A029 Or. |
| 245 | 0 | 2 | _aA handbook of biological investigation / |
| 250 | _a6th ed. | ||
| 260 |
_aKnoxville, Tenn. : _bHunter Textbooks, _cc2002. |
||
| 300 |
_ax, 188 p. : _bill. ; _c23 cm. |
||
| 500 | _aRev. ed. of: A handbook of biological investigation / Harrison W. Ambrose III and Katharine Peckham Ambrose. 5th ed. c1995. | ||
| 650 | 0 | _aBiology | |
| 700 | 1 | _aAmbrose, Harrison W. | |
| 700 | 1 | _aAmbrose, Harrison W. | |
| 942 | _cEK | ||
| 999 |
_c11381 _d11381 |
||